|
|
|
|
| LEADER |
00000nas a2200000 a 4500 |
| 001 |
ssj0000493441 |
| 003 |
WaSeSS |
| 005 |
20200512172242.0 |
| 006 |
m d |
| 007 |
cr n |
| 008 |
010919c19969999ch qr p s 0 0eng c |
| 010 |
|
|
|a 2002222633
|
| 016 |
7 |
|
|a 010468259
|2 Uk
|
| 022 |
|
|
|l 1029-3132
|y 1029-3132
|
| 035 |
|
|
|a (WaSeSS)ssj0000493441
|
| 040 |
|
|
|a H2K
|b eng
|c H2K
|d CLU
|d CUS
|d UKMGB
|d OCLCQ
|d OCLCF
|d OCLCO
|d CUS
|d TWWZU
|d LIP
|d XFH
|d RDF
|d OCLCQ
|d WaSeSS
|
| 041 |
0 |
|
|a eng
|a chi
|
| 042 |
|
|
|a pcc
|
| 043 |
|
|
|a a------
|a p------
|
| 050 |
1 |
4 |
|a HD28
|b .A853
|
| 082 |
0 |
4 |
|a 658
|b As41M
|
| 245 |
0 |
0 |
|a Asia Pacific management review
|h [electronic resource].
|
| 246 |
1 |
3 |
|a APMR
|
| 246 |
1 |
|
|6 880-01
|i Issues for June 1996- Mar. 2001 have Chinese title:
|a Ya Ti guan li ping lun
|
| 260 |
|
|
|a Tainan, Taiwan, Republic of China :
|b College of Management, National Cheng Kung University
|
| 310 |
|
|
|a Quarterly
|
| 506 |
|
|
|a License restrictions may limit access.
|
| 588 |
|
|
|a Description based on: Vol. 6, no. 1 (Mar. 2001); title from cover.
|
| 588 |
|
|
|a Latest issue consulted: Vol. 6, no. 3 (Sept. 2001).
|
| 650 |
|
0 |
|a Management
|v Periodicals.
|
| 650 |
|
0 |
|a Management
|z Asia
|v Periodicals.
|
| 650 |
|
0 |
|a Management
|z Pacific Area
|v Periodicals.
|
| 650 |
|
7 |
|a Management.
|2 fast
|0 (OCoLC)fst01007141
|
| 651 |
|
7 |
|a Asia.
|2 fast
|0 (OCoLC)fst01240495
|
| 651 |
|
7 |
|a Pacific Area.
|2 fast
|0 (OCoLC)fst01243504
|
| 655 |
|
0 |
|a Electronic journals.
|
| 710 |
2 |
|
|a Guo li Chenggong da xue.
|b Guan li xue yuan.
|
| 856 |
4 |
0 |
|z Full text available from Research Library: 03/01/2002 to present
|u https://search.proquest.com/publication/1246353
|
| 880 |
1 |
|
|6 246-01/$1
|i Issues for June 1996- Mar. 2001 have Chinese title:
|a 亞太管理評論
|